[Event "Madrid Chamartin op 8th"]
[Site "Madrid"]
[Date "2019.09.14"]
[Round "8"]
[White "Robles Diaz, Jose Alberto"]
[Black "Carrasco Coquillat, Alvaro"]
[Result "1-0"]
[WhiteElo "2082"]
[BlackElo "2009"]
[PlyCount "89"]
[EventDate "2019.09.09"]
[EventType "swiss"]
[EventRounds "9"]
[EventCountry "ESP"]
[SourceTitle "CBM 192 Extra"]
[Source "Chessbase"]
[SourceDate "2019.11.06"]
[SourceVersion "1"]
[SourceVersionDate "2019.11.06"]
[SourceQuality "1"]

1. c4 Nf6 2. Nf3 g6 3. g3 Bg7 4. Bg2 0-0 5. d4 d6 6. 0-0 Nbd7 7. Nc3 e5 8. h3 exd4 9. Nxd4 Nb6 10. b3 c5 11. Nc2 Be6 12. Bb2 d5 13. Nxd5 Nfxd5 14. Bxg7 Kxg7 15. cxd5 Nxd5 16. Qd2 Nf6 17. Qc3 Qe7 18. Rad1 Rad8 19. e4 b6 20. Ne3 Rxd1 21. Rxd1 Rd8 22. Rxd8 Qxd8 23. Nd5 Bxd5 24. exd5 Qd6 25. f4 Kf8 26. Qe3 Qe7 27. Qd2 Ne8 28. g4 Nd6 29. Qc3 Kg8 30. Qe5 Qd8 31. g5 Nf5 32. Be4 Qd7 33. Kh2 Qb5 34. Bxf5 gxf5 35. Qxf5 Qe2+ 36. Kg3 Qxa2 37. Qd3 Qa1 38. Kg4 Qd4 39. Qxd4 cxd4 40. Kf3 Kf8 41. Ke4 Ke7 42. Kxd4 Kd6 43. h4 b5 44. b4 a5 45. bxa5 1-0

[Event "Madrid Chamartin op 8th"]
[Site "Madrid"]
[Date "2019.09.12"]
[Round "5"]
[White "Renteria Becerra, Jorge Elicer"]
[Black "Robles Diaz, Jose Alberto"]
[Result "0-1"]
[WhiteElo "2286"]
[BlackElo "2082"]
[PlyCount "82"]
[EventDate "2019.09.09"]
[EventType "swiss"]
[EventRounds "9"]
[EventCountry "ESP"]
[SourceTitle "CBM 192 Extra"]
[Source "Chessbase"]
[SourceDate "2019.11.06"]
[SourceVersion "1"]
[SourceVersionDate "2019.11.06"]
[SourceQuality "1"]

1. e4 c5 2. Nf3 e6 3. c4 d6 4. Be2 Nf6 5. Nc3 b6 6. d4 cxd4 7. Nxd4 a6 8. f4 Qc7 9. Be3 Bb7 10. Bf3 Nbd7 11. Nb3 Be7 12. 0-0 0-0 13. Nd2 Rad8 14. Rc1 Qb8 15. Qe2 Qa8 16. Kh1 Rfe8 17. Bg1 e5 18. f5 b5 19. Nd5 Nxd5 20. cxd5 Rc8 21. Nb3 Bg5 22. Be3 Bxe3 23. Qxe3 Rxc1 24. Qxc1 Rc8 25. Qd2 Qa7 26. h3 Qb6 27. g4 b4 28. g5 a5 29. f6 Ba6 30. Rg1 a4 31. Nc1 Qd4 32. Qg2 Qe3 33. Bg4 Rxc1 34. Bxd7 Rxg1+ 35. Qxg1 Qxe4+ 36. Kh2 Qf4+ 37. Kh1 Bd3 38. Qe1 Be4+ 39. Kg1 Qxg5+ 40. Kf2 Qh4+ 41. Ke2 Qf4 0-1

[Event "Madrid-ch final"]
[Site "Madrid"]
[Date "2019.05.25"]
[Round "1"]
[White "Robles Diaz, Jose Alberto"]
[Black "Suarez Uriel, Adrian"]
[Result "0-1"]
[WhiteElo "2044"]
[BlackElo "2382"]
[PlyCount "84"]
[EventDate "2019.05.25"]
[EventType "swiss"]
[EventRounds "7"]
[EventCountry "ESP"]
[SourceTitle "CBM 190 Extra"]
[Source "ChessBase"]
[SourceDate "2019.07.15"]
[SourceVersion "1"]
[SourceVersionDate "2019.07.15"]
[SourceQuality "1"]

1. Nf3 Nf6 2. g3 g6 3. Bg2 Bg7 4. c4 0-0 5. d4 c5 6. Nc3 cxd4 7. Nxd4 Nc6 8. 0-0 Nxd4 9. Qxd4 d6 10. Bg5 Be6 11. Qh4 Qa5 12. Rac1 Rac8 13. b3 Rc5 14. Nd5 Bxd5 15. cxd5 Rxc1 16. Rxc1 Qxa2 17. Qc4 a6 18. Bf3 Qa3 19. Qa4 Qxa4 20. bxa4 Rb8 21. a5 Kf8 22. Be3 Ne8 23. Ba7 Ra8 24. Bb6 Rb8 25. e3 Bb2 26. Rc2 Ba3 27. e4 Bc5 28. Kf1 Bxb6 29. axb6 Nf6 30. Ke2 Nd7 31. Rb2 e6 32. dxe6 fxe6 33. Bg4 Ke7 34. f4 Rc8 35. Bf3 Rc6 36. e5 d5 37. h4 Rxb6 38. Rc2 Rc6 39. Rb2 b5 40. h5 Nb6 41. hxg6 hxg6 42. g4 Rc4 0-1

[Event "Madrid-ch sf"]
[Site "Madrid"]
[Date "2019.05.11"]
[Round "6"]
[White "Robles Diaz, Jose Alberto"]
[Black "Perez Diez, Victor"]
[Result "1-0"]
[WhiteElo "2044"]
[BlackElo "2018"]
[PlyCount "75"]
[EventDate "2019.05.06"]
[EventType "swiss"]
[EventRounds "9"]
[EventCountry "ESP"]
[SourceTitle "CBM 190 Extra"]
[Source "ChessBase"]
[SourceDate "2019.07.15"]
[SourceVersion "1"]
[SourceVersionDate "2019.07.15"]
[SourceQuality "1"]

1. Nf3 f5 2. g3 Nf6 3. Bg2 g6 4. 0-0 Bg7 5. c4 0-0 6. d4 d6 7. Nc3 c6 8. d5 e5 9. dxe6 Bxe6 10. b3 Na6 11. Bb2 Qc7 12. Rc1 Rad8 13. Qd2 Nc5 14. Rfd1 Nfe4 15. Nxe4 Nxe4 16. Qc2 Bxb2 17. Qxb2 Qb6 18. Qd4 c5 19. Qe3 d5 20. cxd5 Rxd5 21. Ng5 Rxd1+ 22. Rxd1 Nxg5 23. Qxg5 Qc7 24. h4 Qf7 25. Qf4 c4 26. bxc4 Bxc4 27. Bxb7 Bxa2 28. Bc6 Qg7 29. Rd7 Qa1+ 30. Kg2 Bf7 31. h5 Qc3 32. Bf3 a5 33. h6 Qf6 34. Rd6 Qc3 35. Rd4 Qc5 36. Rd7 Qc3 37. Qd6 a4 38. Rd8 1-0

[Event "Madrid-ch sf"]
[Site "Madrid"]
[Date "2019.05.08"]
[Round "3"]
[White "Perez Gonzalez, Jose Manuel"]
[Black "Robles Diaz, Jose Alberto"]
[Result "1/2-1/2"]
[WhiteElo "2228"]
[BlackElo "2044"]
[PlyCount "79"]
[EventDate "2019.05.06"]
[EventType "swiss"]
[EventRounds "9"]
[EventCountry "ESP"]
[SourceTitle "CBM 190 Extra"]
[Source "ChessBase"]
[SourceDate "2019.07.15"]
[SourceVersion "1"]
[SourceVersionDate "2019.07.15"]
[SourceQuality "1"]

1. e4 c5 2. Nf3 e6 3. d4 cxd4 4. Nxd4 a6 5. Bd3 Nf6 6. 0-0 Qc7 7. Qe2 d6 8. c4 Nbd7 9. Nc3 Be7 10. f4 0-0 11. Kh1 Re8 12. Bd2 Nc5 13. Bc2 e5 14. fxe5 dxe5 15. Nf5 Bxf5 16. exf5 e4 17. Bg5 Rad8 18. Rad1 Rxd1 19. Rxd1 Qe5 20. Nd5 Nxd5 21. Rxd5 Bxg5 22. Rxe5 Rxe5 23. g3 e3 24. Kg2 a5 25. h4 Bf6 26. b3 h6 27. Bd1 Re8 28. Kf3 b6 29. Qc2 Na6 30. a3 Nb8 31. b4 Nc6 32. Qa4 Nd4+ 33. Kg2 Re7 34. bxa5 bxa5 35. Qxa5 e2 36. Bxe2 Rxe2+ 37. Kf1 Kh7 38. Qd5 Re5 39. Qxf7 Nxf5 40. Kf2 1/2-1/2

[Event "Madrid San Viator op-A 30th"]
[Site "Madrid"]
[Date "2018.05.27"]
[Round "7"]
[White "Robles Diaz, Jose Alberto"]
[Black "Martinez Fernandez, Raul"]
[Result "1-0"]
[WhiteElo "2086"]
[BlackElo "2176"]
[PlyCount "35"]
[EventDate "2018.04.08"]
[EventType "swiss"]
[EventRounds "9"]
[EventCountry "ESP"]
[SourceTitle "EXT 2019"]
[Source "ChessBase"]
[SourceDate "2018.10.10"]
[SourceVersion "1"]
[SourceVersionDate "2018.10.10"]
[SourceQuality "1"]

1. c4 c6 2. Nf3 d5 3. e3 Nf6 4. Nc3 e6 5. d4 Be7 6. Bd3 dxc4 7. Bxc4 b5 8. Bd3 Bb7 9. 0-0 0-0 10. e4 a6 11. e5 Nfd7 12. Ne4 h6 13. Be3 a5 14. Qd2 Re8 15. Bxh6 gxh6 16. Qxh6 Bf8 17. Qh5 Bg7 18. Nd6 1-0

[Event "Madrid San Viator op-A 30th"]
[Site "Madrid"]
[Date "2018.05.20"]
[Round "6"]
[White "Robles Diaz, Jose Alberto"]
[Black "Julian Serra, Rogelio"]
[Result "1-0"]
[WhiteElo "2086"]
[BlackElo "2002"]
[PlyCount "27"]
[EventDate "2018.04.08"]
[EventType "swiss"]
[EventRounds "9"]
[EventCountry "ESP"]
[SourceTitle "EXT 2019"]
[Source "ChessBase"]
[SourceDate "2018.10.10"]
[SourceVersion "1"]
[SourceVersionDate "2018.10.10"]
[SourceQuality "1"]

1. Nf3 Nc6 2. d4 d5 3. Bf4 Bf5 4. e3 g6 5. a3 Bg7 6. c4 Nf6 7. Nc3 0-0 8. Rc1 Na5 9. cxd5 Nxd5 10. Nxd5 Qxd5 11. Rc5 Qxc5 12. dxc5 Rfd8 13. Qa4 b6 14. Ba6 1-0

[Event "Madrid Tajamar Easter op-A"]
[Site "Madrid"]
[Date "2018.03.27"]
[Round "7"]
[White "Romero Fite, Miguel"]
[Black "Robles Diaz, Jose Alberto"]
[Result "1-0"]
[WhiteElo "1876"]
[BlackElo "2118"]
[PlyCount "73"]
[EventDate "2018.03.22"]
[EventType "swiss"]
[EventRounds "7"]
[EventCountry "ESP"]
[SourceTitle "EXT 2019"]
[Source "ChessBase"]
[SourceDate "2018.10.10"]
[SourceVersion "1"]
[SourceVersionDate "2018.10.10"]
[SourceQuality "1"]

1. d4 Nf6 2. c4 e6 3. Nc3 Bb4 4. e3 0-0 5. Nge2 d5 6. a3 Be7 7. cxd5 exd5 8. Nf4 Re8 9. Bd3 c6 10. 0-0 Bd6 11. h3 Nbd7 12. Qf3 Qe7 13. Re1 Ne4 14. Bxe4 dxe4 15. Qd1 Nf6 16. d5 Bd7 17. b4 a5 18. Bb2 axb4 19. axb4 Bxb4 20. Qb3 c5 21. d6 Qxd6 22. Rxa8 Rxa8 23. Rd1 Qf8 24. Ncd5 Nxd5 25. Rxd5 Qe7 26. Re5 Qd8 27. h4 Ba4 28. Qc4 Qd1+ 29. Kh2 Qd2 30. Rf5 Rf8 31. Be5 b5 32. Rg5 g6 33. Nxg6 hxg6 34. Rxg6+ Kh7 35. Rg7+ Kh6 36. Qxe4 f5 37. Qf4+ 1-0

[Event "Madrid Tajamar Easter op-A"]
[Site "Madrid"]
[Date "2018.03.26"]
[Round "6"]
[White "Robles Diaz, Jose Alberto"]
[Black "Marcos Herrero, Francisco"]
[Result "1/2-1/2"]
[WhiteElo "2118"]
[BlackElo "1886"]
[PlyCount "112"]
[EventDate "2018.03.22"]
[EventType "swiss"]
[EventRounds "7"]
[EventCountry "ESP"]
[SourceTitle "EXT 2019"]
[Source "ChessBase"]
[SourceDate "2018.10.10"]
[SourceVersion "1"]
[SourceVersionDate "2018.10.10"]
[SourceQuality "1"]

1. Nf3 c5 2. c4 Nc6 3. g3 g6 4. Nc3 Bg7 5. Bg2 Nf6 6. 0-0 0-0 7. d4 cxd4 8. Nxd4 d6 9. Nc2 Be6 10. b3 Qa5 11. Bd2 Qh5 12. Ne3 Bh3 13. Rc1 e6 14. f3 Bxg2 15. Kxg2 Rfd8 16. g4 Qc5 17. f4 h6 18. h4 Nd4 19. Rf2 h5 20. g5 Qc6+ 21. Kg3 Ne4+ 22. Nxe4 Qxe4 23. Qh1 Nf5+ 24. Nxf5 Qxf5 25. Qf3 d5 26. cxd5 exd5 27. Rff1 Rac8 28. a4 Bb2 29. Rcd1 Rc2 30. Bb4 Rd7 31. Rd3 Rcc7 32. Rfd1 b6 33. Rxd5 Rxd5 34. Rxd5 Qb1 35. Rd3 Rc2 36. Kf2 Rc1 37. Qa8+ Kh7 38. Qf8 Rf1+ 39. Ke3 Qc1+ 40. Bd2 Qc7 41. Qd6 Qc8 42. Rd5 Qh3+ 43. Ke4 Qg2+ 44. Kd3 Rf2 45. Qd7 Qg3+ 46. Kc2 Bg7 47. Rd3 Qg2 48. Qxf7 Rxe2 49. Rd7 Qe4+ 50. Kd1 Rxd2+ 51. Kxd2 Qg2+ 52. Kd3 Qf1+ 53. Kc2 Qg2+ 54. Kd3 Qf1+ 55. Kc2 Qf2+ 56. Kd3 Qf1+ 1/2-1/2

[Event "Madrid San Viator op-A 29th"]
[Site "Madrid"]
[Date "2017.11.01"]
[Round "7"]
[White "Robles Diaz, Jose Alberto"]
[Black "Bustos Bernardo, Samuel"]
[Result "0-1"]
[WhiteElo "2096"]
[BlackElo "2096"]
[PlyCount "164"]
[EventDate "2017.09.17"]
[EventType "swiss"]
[EventRounds "9"]
[EventCountry "ESP"]
[SourceTitle "EXT 2019"]
[Source "ChessBase"]
[SourceDate "2018.10.10"]
[SourceVersion "1"]
[SourceVersionDate "2018.10.10"]
[SourceQuality "1"]

1. Nf3 c5 2. g3 Nf6 3. Bg2 Nc6 4. 0-0 e5 5. c4 d5 6. cxd5 Nxd5 7. Nc3 Be6 8. d3 Be7 9. a3 0-0 10. Nxd5 Bxd5 11. Be3 Qd7 12. Qa4 Rfd8 13. Rfc1 b6 14. b4 cxb4 15. axb4 f6 16. b5 Na5 17. Nd2 Bxg2 18. Kxg2 Qd5+ 19. Kg1 Nb7 20. Qa2 Bc5 21. Bxc5 Nxc5 22. Qxd5+ Rxd5 23. Nc4 Nd7 24. Rcb1 Kf7 25. Rb4 Rc5 26. Ra6 Ke6 27. Kf1 Rc7 28. Ra2 Kd5 29. Ne3+ Ke6 30. g4 g6 31. Nc4 Kd5 32. Ne3+ Kd6 33. Kg2 Rc5 34. Rba4 Rxb5 35. Rxa7 Rb8 36. Rc2 Rc5 37. Rxc5 Nxc5 38. Rxh7 b5 39. Rf7 Nd7 40. h4 b4 41. Rg7 Ke6 42. Nc4 Rc8 43. h5 gxh5 44. gxh5 Rh8 45. Kf3 Rxh5 46. Rg1 Rh8 47. Ke3 Nc5 48. Rb1 Rb8 49. Kd2 Kd5 50. e4+ Nxe4+ 51. Ke3 Nc5 52. Na5 f5 53. Kd2 Rb5 54. Nb3 Nxb3+ 55. Rxb3 Kc5 56. Rb1 Ra5 57. Rc1+ Kb5 58. Rc2 Ra1 59. Rc8 Ra2+ 60. Ke3 b3 61. Rb8+ Ka4 62. f4 exf4+ 63. Kxf4 Rd2 64. Ke3 Rc2 65. Ra8+ Kb4 66. Rb8+ Ka3 67. Ra8+ Kb2 68. d4 Kb1 69. Rf8 b2 70. Rxf5 Rc3+ 71. Kd2 Ra3 72. Rf1+ Ka2 73. Kc2 Ra4 74. Kd3 b1Q+ 75. Rxb1 Kxb1 76. Ke4 Kc2 77. Ke5 Kc3 78. d5 Kc4 79. d6 Kc5 80. d7 Ra8 81. Ke6 Kc6 82. Ke7 Ra7 0-1

[Event "Madrid San Viator op-A 29th"]
[Site "Madrid"]
[Date "2017.10.01"]
[Round "3"]
[White "Alonso Aranzabal, Inigo"]
[Black "Robles Diaz, Jose Alberto"]
[Result "0-1"]
[WhiteElo "1880"]
[BlackElo "2096"]
[PlyCount "88"]
[EventDate "2017.09.17"]
[EventType "swiss"]
[EventRounds "9"]
[EventCountry "ESP"]
[SourceTitle "EXT 2019"]
[Source "ChessBase"]
[SourceDate "2018.10.10"]
[SourceVersion "1"]
[SourceVersionDate "2018.10.10"]
[SourceQuality "1"]

1. e4 d6 2. d4 Nf6 3. Nc3 g6 4. Bg5 Bg7 5. Qd2 h6 6. Be3 Ng4 7. Bf4 Nc6 8. f3 e5 9. dxe5 dxe5 10. Qxd8+ Nxd8 11. Bg3 Ne3 12. Nd5 Nxc2+ 13. Kd2 Nxa1 14. Nxc7+ Ke7 15. Nxa8 Ne6 16. Bd3 Bd7 17. Nb6 axb6 18. Ne2 Rd8 19. Ke3 Nf4 20. Nxf4 exf4+ 21. Bxf4 Bxb2 22. Rb1 Bc3 23. Rc1 Rc8 24. Bxh6 b5 25. Rxc3 Rxc3 26. Kd2 b4 27. Bg7 Ra3 28. Bb1 Be6 29. Bxa1 Bxa2 30. Bc2 Bc4 31. Bb2 Ra2 32. Kc1 b3 33. Bb1 Ra8 34. Kd2 Bf1 35. g3 Rd8+ 36. Ke1 Bd3 37. Bxd3 Rxd3 38. Ke2 Rd7 39. g4 Rc7 40. Kd3 Rc2 41. Ba3+ Kd7 42. h4 Rh2 43. Kc3 Rxh4 44. Kxb3 Rh3 0-1

[Event "Moncada Cup"]
[Site "Santiago de Cuba"]
[Date "2017.03.26"]
[Round "7.1"]
[White "Robles Diaz, Jose Alberto"]
[Black "Saiz Rodriguez, Daniel Evelio"]
[Result "1/2-1/2"]
[WhiteElo "2122"]
[BlackElo "2100"]
[PlyCount "37"]
[EventDate "2017.03.21"]
[EventType "swiss"]
[EventRounds "10"]
[EventCountry "CUB"]
[SourceTitle "EXT 2023"]
[Source "ChessBase"]
[SourceDate "2022.10.05"]
[SourceVersion "1"]
[SourceVersionDate "2022.10.05"]
[SourceQuality "1"]

1. Nf3 c5 2. g3 g6 3. Bg2 Bg7 4. c4 Nc6 5. Nc3 d6 6. 0-0 e6 7. e3 Nge7 8. d4 cxd4 9. Nb5 0-0 10. Nbxd4 a6 11. Bd2 e5 12. Nxc6 Nxc6 13. e4 Bg4 14. Be3 Nd4 15. Bxd4 exd4 16. Qd3 Qb6 17. b3 Bxf3 18. Bxf3 a5 19. a4 1/2-1/2

[Event "Moncada Cup"]
[Site "Santiago de Cuba"]
[Date "2017.03.25"]
[Round "6.3"]
[White "Robles Diaz, Jose Alberto"]
[Black "Roll Renford, Evelio Amaurys"]
[Result "0-1"]
[WhiteElo "2122"]
[BlackElo "2139"]
[PlyCount "112"]
[EventDate "2017.03.21"]
[EventType "swiss"]
[EventRounds "10"]
[EventCountry "CUB"]
[SourceTitle "EXT 2023"]
[Source "ChessBase"]
[SourceDate "2022.10.05"]
[SourceVersion "1"]
[SourceVersionDate "2022.10.05"]
[SourceQuality "1"]

1. Nf3 b6 2. g3 Bb7 3. Bg2 e6 4. 0-0 Nf6 5. c4 Be7 6. d4 0-0 7. Nc3 d5 8. Ne5 Nbd7 9. cxd5 exd5 10. Bf4 Re8 11. Qb3 Nf8 12. Rad1 Ne6 13. Bc1 Bf8 14. e3 Ne4 15. Qc2 f6 16. Nd3 Qd7 17. Qb3 Kh8 18. Nb4 Bxb4 19. Qxb4 Ba6 20. Rfe1 N6g5 21. Qa4 Qxa4 22. Nxa4 Bb5 23. Nc3 Nxc3 24. bxc3 Bc4 25. a3 Ne4 26. Bb2 f5 27. f3 Nd6 28. h3 a5 29. g4 g6 30. Kf2 Kg7 31. gxf5 gxf5 32. Rg1 Kf6 33. h4 Re7 34. Bc1 Nb5 35. e4 Kf7 36. Bg5 Ree8 37. e5 Nxc3 38. Rc1 Nb5 39. f4 Nxd4 40. Rxc4 dxc4 41. Bd5+ Ne6 42. Bxc4 Red8 43. Bf6 Rg8 44. Rd1 Rae8 45. Rd7+ Kg6 46. h5+ Kh6 47. Kf3 Rg4 48. Bxe6 Rxe6 49. Rxc7 Rg8 50. a4 Ree8 51. Ke3 Rc8 52. Bg5+ Kxh5 53. Rxh7+ Kg4 54. e6 Rc4 55. Rb7 Re4+ 56. Kd3 Rxe6 0-1

[Event "Moncada Cup"]
[Site "Santiago de Cuba"]
[Date "2017.03.22"]
[Round "3.3"]
[White "Robles Diaz, Jose Alberto"]
[Black "Llamos Lopez, Guillermo"]
[Result "1/2-1/2"]
[WhiteElo "2122"]
[BlackElo "2182"]
[PlyCount "26"]
[EventDate "2017.03.21"]
[EventType "swiss"]
[EventRounds "10"]
[EventCountry "CUB"]
[SourceTitle "EXT 2023"]
[Source "ChessBase"]
[SourceDate "2022.10.05"]
[SourceVersion "1"]
[SourceVersionDate "2022.10.05"]
[SourceQuality "1"]

1. d4 g6 2. c4 Bg7 3. Nc3 d6 4. e4 Nf6 5. Nf3 0-0 6. Be2 e5 7. 0-0 Nc6 8. d5 Ne7 9. Ne1 Nd7 10. Be3 f5 11. f3 Nf6 12. c5 f4 13. Bf2 g5 1/2-1/2

[Event "Moncada Cup"]
[Site "Santiago de Cuba"]
[Date "2017.03.21"]
[Round "1.3"]
[White "Roll Renford, Evelio Amaurys"]
[Black "Robles Diaz, Jose Alberto"]
[Result "1-0"]
[WhiteElo "2139"]
[BlackElo "2122"]
[PlyCount "69"]
[EventDate "2017.03.21"]
[EventType "swiss"]
[EventRounds "10"]
[EventCountry "CUB"]
[SourceTitle "EXT 2023"]
[Source "ChessBase"]
[SourceDate "2022.10.05"]
[SourceVersion "1"]
[SourceVersionDate "2022.10.05"]
[SourceQuality "1"]

1. e4 c5 2. Nf3 e6 3. d4 cxd4 4. Nxd4 a6 5. Nc3 Qc7 6. Be3 Nf6 7. Bd3 Nc6 8. 0-0 Be7 9. Kh1 d6 10. f4 0-0 11. Nf3 b5 12. a3 Bb7 13. Ng5 h6 14. Nf3 b4 15. Na4 Nd7 16. Qe1 a5 17. Qg3 Kh8 18. Qh3 Kg8 19. g4 d5 20. g5 dxe4 21. gxh6 g6 22. Bxe4 f5 23. Rad1 Nf6 24. Qg3 Kh8 25. Bd3 e5 26. Bxf5 Nd4 27. Bxd4 exd4 28. Rxd4 Rfd8 29. Rxd8+ Rxd8 30. Bd3 Qc6 31. b3 bxa3 32. Kg1 Nh5 33. Qe1 Bc5+ 34. Kh1 Re8 35. Qc3+ 1-0